00718 a2200169 4500003000500000005001700005040000900022082001300031100002100044245004900065260004200114300001200156505022800168942001200396999001900408952012100427Nust20221206111051.0 cNust a530, MOO aH. Moore9104201 aA textbook of intermediate physicsc Moore,H aLondonbMethuen and company ltdc1923 ax: 826p aPart.1- Properties of Mater (Page-17) ,Part.2- Heat (Page-161), Part.3- Sound (Page-303), Part.4- Light (Page-371), Part.5- Magnetism (Page-499), Part.6-Static Electricity (Page-561), Part.7-Current Electricity (Page-623).  2ddccBK c194198d194198 00102ddc4070aMCSbMCScGENd2016-12-12o530, MOOpMCS6170r2016-12-08w2016-12-12yBKzAlmirah No.15, Shelf No.3